The Russian /

"A series of gruesome murders in New York City has Michael Bennett angry -- but when he identifies similar cases in Atlanta and San Francisco, his feelings escalate into all-out alarm. All of the victims are young women. And each one is killed in a horrifyingly distinct fashion.In the midst of...

Full description

Bibliographic Details
Main Authors: Patterson, James, 1947- (Author), Born, James O. (Author)
Format: Book
Language:English
Published: New York : Little, Brown and Company, 2021.
Edition:First edition.
Series:Patterson, James, 1947- Detective Michael Bennett thriller ; 13.
Subjects:

MARC

Tag First Indicator Second Indicator Subfields
LEADER 00000cam a2200000Ii 4500
001 in00004411368
008 200729t20212021nyu e 000 1 eng d
005 20250318223558.8
020 |a 9780316420389 
020 |a 0316420387  |q (hardcover) 
035 |a (OCoLC)on1196059337 
035 |a (OCoLC)1196059337 
037 |b Little Brown & Co, 53 State st 9th Fl, Boston, MA, USA, 02109, (617)2270730  |n SAN 200-2205 
040 |a O2C  |b eng  |e rda  |c O2C  |d LIV  |d OCLCO  |d CMI  |d OCLCO  |d OCO  |d OCLCO  |d LE@  |d OCLCO  |d INO  |d TCH  |d YU6  |d OCLCO  |d ILC  |d VP@  |d NZAUC  |d FLQ  |d UtOrBLW 
043 |a n-us-ny 
050 1 4 |a PS3566.A822  |b R87 2021 
082 0 4 |a 813/.54  |2 23 
100 1 |a Patterson, James,  |d 1947-  |e author.  |0 http://id.loc.gov/authorities/names/n78086409 
245 1 4 |a The Russian /  |c James Patterson and James O. Born. 
250 |a First edition. 
264 1 |a New York :  |b Little, Brown and Company,  |c 2021. 
264 4 |c ©2021 
300 |a 348, 14 pages ;  |c 25 cm 
336 |a text  |b txt  |2 rdacontent 
337 |a unmediated  |b n  |2 rdamedia 
338 |a volume  |b nc  |2 rdacarrier 
490 1 |a Detective Michael Bennett thriller ;  |v [13] 
500 |a Series numeration from www.goodreads.com. 
500 |a Includes excerpt from The red book by James Patterson and David Ellis. 
500 |a Sequel to: Blindside. 
520 |a "A series of gruesome murders in New York City has Michael Bennett angry -- but when he identifies similar cases in Atlanta and San Francisco, his feelings escalate into all-out alarm. All of the victims are young women. And each one is killed in a horrifyingly distinct fashion.In the midst of such devastating loss of life, Bennett's longtime love, Mary Catherine, is soon to become his bride. As Bennett toils to connect the cases, the killer strikes again, adding to his criminal signature an ability to evade detection. Just when New York's top investigator should be donning his wedding finery, he may be stepping into a diabolical trap."--Publisher. 
600 1 0 |a Bennett, Michael  |c (Fictitious character)  |v Fiction. 
650 0 |a Police  |z New York (State)  |z New York  |v Fiction.  |0 http://id.loc.gov/authorities/subjects/sh2008108893 
650 0 |a Serial murder investigation  |z New York (State)  |z New York  |v Fiction. 
650 0 |a Weddings  |v Fiction.  |0 http://id.loc.gov/authorities/subjects/sh2008113350 
651 0 |a New York (N.Y.)  |v Fiction.  |0 http://id.loc.gov/authorities/subjects/sh2008108377 
650 7 |a FICTION / Thrillers / Crime.  |2 bisacsh 
650 7 |a FICTION / Thrillers / Suspense.  |2 bisacsh 
650 7 |a FICTION / Mystery & Detective / Police Procedural.  |2 bisacsh 
655 0 |a Crime Thrillers (Fiction) 
655 7 |a Detective and mystery fiction.  |2 lcgft  |0 http://id.loc.gov/authorities/genreForms/gf2014026280 
655 7 |a Thrillers (Fiction)  |2 lcgft  |0 http://id.loc.gov/authorities/genreForms/gf2014026571 
700 1 |a Born, James O.,  |e author.  |0 http://id.loc.gov/authorities/names/n2003049361 
800 1 |a Patterson, James,  |d 1947-  |t Detective Michael Bennett thriller ;  |v 13.  |0 http://id.loc.gov/authorities/names/no2013104104 
852 8 |b pda,print  |z This title is available for the library to purchase for your use. Click the "Purchase It For Me" button to place a request. This item may take 5-10 business days to arrive. 
955 |a Print PDA title 
999 f f |s eba55ced-5b7c-4a9a-974b-8dad42968872  |i 818071cb-4fbe-36dc-8ff4-afaaf00406ce  |t 0 
952 f f |a Texas A&M University  |b College Station  |c Sterling C. Evans Library  |d Purchase on Demand  |t 0  |e PS3566.A822 R87 2021  |h Library of Congress classification 
998 f f |a PS3566.A822 R87 2021  |t 0  |l Purchase on Demand